000 00526nam a2200217Ia 4500
003 OSt
005 20220928145621.0
006 a|||||r|||| 00| 0
007 ta
008 220927b |||||||| |||| 00| 0 eng d
024 _a81590
037 _cTextual
040 _aSDCL
_cSDCL
_beng
041 _2eng
_aeng
082 _aO-,3:g, M4
100 _aBernstein J M
_9471054
245 0 _aPhilosophy of the novel.
260 _c1984
942 _hO-,3:g, M4
_cTEXL
_2CC
999 _c834439
_d834439